|
|
|
|
| LEADER |
01560nam a2200409 i 4500 |
| 001 |
001921276 |
| 003 |
CZ BrMZK |
| 005 |
20250326073247.0 |
| 007 |
ta |
| 008 |
250113s1973 xr a e c 000 0 cze |
| 020 |
|
|
|q (Brožováno)
|
| 040 |
|
|
|a BOA001
|b cze
|e rda
|
| 043 |
|
|
|a e-xr---
|b e-xr-jm
|2 czenas
|
| 045 |
|
|
|a x-x-
|
| 072 |
|
7 |
|a 77
|x Fotografie. Fotografické postupy
|2 Konspekt
|9 21
|
| 080 |
|
|
|a 77.04
|2 MRF
|
| 080 |
|
|
|a (437.3)
|2 MRF
|
| 080 |
|
|
|a (083.824)
|2 MRF
|
| 245 |
0 |
0 |
|a Mladí o sobě a o svém městě /
|c úvodní slovo Antonín Koutník
|
| 264 |
|
1 |
|a Brno :
|b Galerie mladých - Městské kulturní středisko S.K. Neumanna,
|c [1973]
|
| 300 |
|
|
|a 8 nečíslovaných stran :
|b ilustrace ;
|c 20 cm
|
| 336 |
|
|
|a text
|b txt
|2 rdacontent
|
| 336 |
|
|
|a statický obraz
|b sti
|2 rdacontent
|
| 337 |
|
|
|a bez média
|b n
|2 rdamedia
|
| 338 |
|
|
|a svazek
|b nc
|2 rdacarrier
|
| 500 |
|
|
|a "Výstava Klubu fotografů města Brna k 25. výročí Února 26.2.-17.3.1973"--Tiráž
|
| 648 |
|
7 |
|a 20. století
|7 ch460558
|
| 650 |
0 |
7 |
|a umělecká fotografie
|z Česko
|y 20. století
|7 ph126879
|2 czenas
|
| 650 |
0 |
9 |
|a artistic photography
|z Czechia
|y 20th century
|2 eczenas
|
| 655 |
|
7 |
|a katalogy výstav
|7 fd132536
|2 czenas
|
| 655 |
|
9 |
|a exhibition catalogs
|2 eczenas
|
| 700 |
1 |
|
|a Koutník, Antonín
|7 mzk2010610274
|4 wfw
|
| 710 |
2 |
|
|a Galerie mladých (Brno, Česko)
|7 ko2004233391
|4 orm
|4 isb
|
| 910 |
|
|
|a BOA001
|b X-1541.459
|
| 990 |
|
|
|a BK
|
| 991 |
|
|
|b 202503
|
| 996 |
6 |
|
|b 2610992911
|c X-1541.459
|l MZK
|r Sklad / do 24 hodin
|n 0
|p dar
|w 001992164
|u 000010
|a 1
|e BOA001
|j MZK50
|s P
|